| 000 | 00525nam a2200181Ia 4500 | ||
|---|---|---|---|
| 005 | 20250508160246.0 | ||
| 008 | 008 250505s9999 xx 000 0 eng d | ||
| 037 | _aBooks to be hide in OPAC | ||
| 040 |
_aFEDL _beng _cFEDL |
||
| 041 |
_aeng _2eng |
||
| 084 |
_a305, NCS/O _qFEDL |
||
| 245 | 0 | _aRecreative and social facilities in villages | |
| 245 | 4 | _cThe National Council of Social Service | |
| 260 | _c1948 | ||
| 546 | _aAdvisory handbook No. 3 | ||
| 942 |
_cHB _h305, NCS/O |
||
| 999 |
_c1363141 _d1363141 |
||